Famous People by Picture #2 - Statistics

General Stats
  • This quiz has been taken 72 times
  • The average score is 6 of 10
Answer Stats
Picture Hint Answer % Correct
1955-2011 Steve Jobs
94%
1986- Usain Bolt
91%
1964- Keanu Reeves
88%
1981- Britney Spears
80%
1809-1882 Charles Darwin
77%
1818-1883 Karl Marx
75%
1564-1616 William Shakespeare
55%
Greek Goddess Aphrodite
47%
1999- Armand Duplantis
22%
Band Chase Atlantic
2%
No matching quizzes found
Score Distribution
Percent of People with Each Score
Percentile by Number Answered
Your Score History
You have not taken this quiz